الأعمال الشعرية للأطفال 1983-1993 / (رقم التسجيلة. 32068)

تفاصيل مارك
000 -LEADER
fixed length control field 00578nam a22001937a 4500
005 - DATE AND TIME OF LATEST TRANSACTION
control field 20251108165821.0
008 - FIXED-LENGTH DATA ELEMENTS--GENERAL INFORMATION
fixed length control field 250721s1996 xx 000 0 ara d
082 14 - DEWEY DECIMAL CLASSIFICATION NUMBER
Classification number ط/811.9565/يوس
100 1# - MAIN ENTRY--PERSONAL NAME
Personal name حمدان، يوسف عيسى
245 10 - TITLE STATEMENT
Title الأعمال الشعرية للأطفال 1983-1993 /
250 ## - EDITION STATEMENT
Edition statement ط2
264 1# - PRODUCTION, PUBLICATION, DISTRIBUTION, MANUFACTURE, AND COPYRIGHT NOTICE
Place of production, publication, distribution, manufacture عمان :
Name of producer, publisher, distributor, manufacturer دار الينابيع للنشر و التوزيع،
Date of production, publication, distribution, manufacture, or copyright notice 1996.
300 ## - PHYSICAL DESCRIPTION
Extent 176ص
650 17 - SUBJECT ADDED ENTRY--TOPICAL TERM
Topical term or geographic name as entry element الشعر العربي
650 17 - SUBJECT ADDED ENTRY--TOPICAL TERM
Topical term or geographic name as entry element الأردن
650 17 - SUBJECT ADDED ENTRY--TOPICAL TERM
Topical term or geographic name as entry element أدب الأطفال
942 ## - ADDED ENTRY ELEMENTS (KOHA)
Source of classification or shelving scheme Dewey Decimal Classification
Koha item type كتب
المقتنيات
حالة السحب حالة الفقدان مصدر التصنيف حالة التلف غير قابل للإعارة المكتبة الرئيسية المكتبة الحالية موقع الرف تاريخ التزويد الرقم المتسلسل Total Checkouts رقم الإستدعاء تاريخ آخر ظهور تاريخ الفاتورة نوع المادة (كوها) الباركود
    Dewey Decimal Classification Unchecked   مكتبة أم قصير والمقابلين العامة مكتبة أم قصير والمقابلين العامة الأطفال 06/07/2004 4413   ط/811.9565/يوس 28/07/2025 06/07/2004 كتب  
    Dewey Decimal Classification Unchecked   مكتبة الاميرة بديعة مكتبة الاميرة بديعة الأطفال 06/07/2004 1887   ط/811.9565/يوس 28/07/2025 06/07/2004 كتب  
    Dewey Decimal Classification     مكتبة الحسن العامة مكتبة الحسن العامة الإعارة 02/10/2018 04052   ط/811.9565/يوس 28/07/2025 02/10/2018 كتب PLD00435016
    Dewey Decimal Classification Unchecked   مكتبة النصر العامة مكتبة النصر العامة الأطفال 06/07/2004 4891   ط/811.9565/يوس 28/07/2025 06/07/2004 كتب  
    Dewey Decimal Classification Unchecked   مكتبة حمزة العامة مكتبة حمزة العامة الأطفال 06/07/2004 2594   ط/811.9565/يوس 28/07/2025 06/07/2004 كتب  
    Dewey Decimal Classification Unchecked   مكتبة صويلح العامة مكتبة صويلح العامة الأطفال 06/07/2004 5950   ط/811.9565/يوس 28/07/2025 06/07/2004 كتب  
    Dewey Decimal Classification     مكتبةمؤتة مكتبةمؤتة الأطفال 04/07/2014 [ 35 ]   ط/811.9565/يوس 28/07/2025 04/07/2014 كتب PLD00333203
Implemented & Customized by: BBB with SCIT (Smart Chains for Information Technology)

Powered by Koha